Pittsburgh Int. Airport Destinations (Pittsburgh, PA, USA) - Map - Statistics

General Stats
  • This quiz has been taken 43 times
  • The average score is 54 of 63
Answers on the Map
Answers color-coded by a green-red scale on the quiz's map according to % correct below.
 
Answer Stats
Destination % Correct
Charlotte
100%
Dallas/Fort Worth
100%
Dallas (Love)
100%
Denver
100%
Detroit
100%
Jacksonville (FL)
100%
Las Vegas
100%
London (Heathrow)
100%
Melbourne/Orlando
100%
Miami
100%
Minneapolis/St. Paul
100%
Orlando
100%
Orlando/Sanford
100%
Phoenix (Sky Harbor)
100%
Salt Lake City
100%
San Diego
100%
San Francisco
100%
Toronto (Pearson)
100%
Atlanta
97%
Austin
97%
Boston
97%
Chicago (Midway)
97%
Chicago (O'Hare)
97%
Dublin
97%
Houston (Hobby)
97%
Houston (Intercontinental)
97%
Los Angeles
97%
Montréal (Trudeau)
97%
Nashville
97%
Newark
97%
New Orleans
97%
New York (JFK)
97%
New York (LaGuardia)
97%
Raleigh/Durham
97%
Seattle/Tacoma
97%
Cancún
94%
Philadelphia
94%
Tampa
94%
Washington (Dulles)
94%
Washington (National)
94%
Baltimore
91%
Fort Lauderdale
88%
Reykjavík
88%
St. Louis
88%
Fort Myers
85%
Hartford
82%
Providence
82%
Charleston (SC)
79%
Key West
79%
Portland (ME)
79%
Savannah
79%
Norfolk
73%
Punta Cana
73%
Myrtle Beach
70%
Sarasota
70%
St. Petersburg/Clearwater
67%
West Palm Beach
61%
Destin/Fort Walton Beach
52%
Greenville/Spartanburg
42%
Lancaster (PA)
36%
Punta Gorda (FL)
33%
DuBois (PA)
21%
Bradford (PA)
15%
No matching quizzes found
Score Distribution
Percent of People with Each Score
Percentile by Number Answered
Your Score History
You have not taken this quiz